| 000 | 01285nam a2200337 a 4500 | ||
|---|---|---|---|
| 001 | 000109259 | ||
| 003 | CHAP | ||
| 005 | 20220329144043.0 | ||
| 008 | 140414s2013 mx sm |||||||spa d | ||
| 010 | _a105721 | ||
| 011 | _a106693 | ||
| 040 | _cCHAP | ||
| 090 | _aTesis | ||
| 100 | 1 |
_aFernández Hernández, Armando _9126436 |
|
| 245 | 1 | 0 |
_aConstrucción de un pozo para uso agrícola en el predio Rancho La Ilusión de la Comunidad del Ojo de Agua de Ballesteros del municipio de Salvatierra, Gto. _h[En línea] _cpor Armando Fernández Hernández. |
| 260 |
_aChapingo, Méx. : _bEl autor, _c2013. |
||
| 500 | _aPara ver el contenido del material haga clic en la liga | ||
| 502 | _aTesis (Ing. Agr. Esp. en Irrigación) -- UACH. Departamento de Irrigación | ||
| 590 |
_aBATCH-UPD _b05 _c20141002 _lUCH01 _h0900 |
||
| 590 |
_aE5652GLJ _b05 _c20141029 _lUCH01 _h1341 |
||
| 590 |
_aE6096MTM _b05 _c20140414 _lUCH01 _h1044 |
||
| 590 |
_aE6096MTM _b05 _c20140414 _lUCH01 _h1046 |
||
| 650 | 1 | 4 |
_aBombeo. _913625 |
| 650 | 1 | 4 |
_aPerforación de pozos. _987149 |
| 650 | 1 | 4 |
_aPozos para irrigación. _991210 |
| 650 | 1 | 4 |
_aPozos Profundos _xGuanajuato. _991213 |
| 856 |
_aFinding aid _uhttp://10.13.5.2/tesis/sist109259.pdf _zTeclea aquí |
||
| 901 | _aBK | ||
| 942 | _cTESIS | ||
| 942 | _n0 | ||
| 999 |
_c105721 _d105721 |
||